Quiz do Uzbequistão - Statistics

Estatísticas Gerais
  • Esse quiz foi jogado 900 vezes
  • A pontuação média é 9 de 16
Estatísticas das Respostas
Dica Resposta % Correto
Até 1991, o Uzbequistão fazia parte deste país União Soviética
88%
Cada país que faz fronteira com o Uzbequistão termina com essas quatro letras Stão
85%
Religião predominante Islã
84%
Chamado por alguns como a "de facto" segunda língua oficial Russo
79%
Região que o Uzbequistão faz parte Ásia {Central}
77%
Rota de comércio terrestre que passou pelo Uzbequistão até o século 18 Rota da {Seda}
71%
Língua oficial Usbeque
67%
A capital do Uzbequistão Tashkent
57%
Conquistador que conquistou a área em 327 a.C; Alexandre, o Grande
48%
Anteriormente o quarto maior lago do mundo, agora quase evaporado Mar de {Aral}
47%
A principal colheita comercial do Uzbequistão (dica: começa com A) Algodão
42%
Primeiro "Grande Império" onde o Uzbequistão fazia parte Império Aquemênida (Império Persa)
42%
Grupo étnico que inclui uzbeques, cazaques e uigures Turcos
34%
Chefe militar nascido na cidade de Shahrisabz em 1336 cujas conquistas mataram aproximadamente 5% da população mundial Tamerlão
14%
Segunda maior cidade Samarcanda
13%
O Uzbequistão faz parte desta antiga região que deu nome ao camelo de duas corcovas Báctria
12%
Nenhum quiz correspondente encontrado
Distribuição das Pontuações
Porcentagem de Pessoas com Cada Pontuação
Percentil de Números Respondidos
Sua Pontuação Histórica
Você não jogou esse quiz